000 00285nam a2200109Ia 4500
008 190216s9999||||xx |||||||||||||| ||und||
100 _aPavanan
245 0 _aMalayalam-Yathravivaranam-Oru Yathrayude Anubhavangal
260 _bSree Devi Books
650 _aYathravivaranam
942 _cBK
999 _c25645
_d25645